Normal view
MARC view
- تالسف ردايدة، أحمد حسن شحادة
Entry Personal Name
001 - CONTROL NUMBER
- control field: 56933
003 - CONTROL NUMBER IDENTIFIER
- control field: JO-AjAnu
005 - DATE AND TIME OF LATEST TRANSACTION
- control field: 20230606083327.0
008 - FIXED-LENGTH DATA ELEMENTS
- fixed length control field: 230606|| aca||aabn | a|a d
040 ## - CATALOGING SOURCE
- Original cataloging agency: JO-AjAnu
- Transcribing agency: JO-AjAnu
100 ## - HEADING--PERSONAL NAME
- Personal name: تالسف ردايدة، أحمد حسن شحادة
670 ## - SOURCE DATA FOUND
- Source citation: Work cat.: (JO-AjAnu)29051: تالسف ردايدة، أحمد حسن شحادة, author, شرح بعض الصلوات والمدائح التي نظمت بحق سيدنا محمد صلى الله عليه وسلم والترغيب والحث من الإكثار من الصلاة عليه وشفاعته صلى الله عليه وسلم والبشائر ببعثته وأفضليته على المخلوقات كافة